书目信息 |
| 题名: |
康定斯基回忆录
|
|
| 作者: | 康定斯基 著 | |
| 分册: | ||
| 出版信息: | 杭州 浙江文艺出版社 2005 |
|
| 页数: | 182页 | |
| 开本: | 20cm | |
| 丛书名: | ||
| 单 册: | ||
| 中图分类: | K835.125.72 | |
| 科图分类: | ||
| 主题词: | 历史 , 地理 | |
| 电子资源: | ||
| ISBN: | 7-5339-2141-0 | |
| 000 | 00590nam0 2200205 450 | |
| 001 | 0652153656 | |
| 005 | 20061122111919.87 | |
| 010 | @a7-5339-2141-0@dCNY 28.00 | |
| 100 | @a20061101d2005 km y0chiy0120 ea | |
| 101 | 0 | @achi |
| 102 | @aCN@b330000 | |
| 200 | 1 | @a康定斯基回忆录@Akang ding si ji hui yi lu@f(俄罗斯)康定斯基著@F(e luo si)kang ding si ji zhu |
| 210 | @a杭州@c浙江文艺出版社@d2005 | |
| 215 | @a182页@d20cm | |
| 606 | 0 | @a历史 |
| 606 | 0 | @a地理 |
| 690 | @aK835.125.72@v4 | |
| 701 | 0 | @a康定斯基@Akang ding si ji@4著 |
| 801 | @aCN@c20061122 | |
| 905 | @apdsgxy@dK835.125.72@eK236 | |
| 康定斯基回忆录/(俄罗斯)康定斯基著.-杭州:浙江文艺出版社,2005 |
| 182页;20cm |
| ISBN 7-5339-2141-0:CNY 28.00 |
| ● |
| 相关链接 |
|
|
|
正题名:康定斯基回忆录
索取号:K835.125.72/K236
 
预约/预借
| 序号 | 登录号 | 条形码 | 馆藏地/架位号 | 状态 | 备注 |
| 1 | 611749 | 206117496 | 社科库309/309社科库 99排4列4层/ [索取号:K835.125.72/K236] | 在馆 | |
| 2 | 611750 | 206117502 | 社科库309/309社科库 99排4列4层/ [索取号:K835.125.72/K236] | 在馆 | |
| 3 | 611751 | 206117511 | 社科库309/309社科库 99排4列4层/ [索取号:K835.125.72/K236] | 在馆 | |
| 4 | 615698 | 206156988 | 社科库309/309社科库 99排4列4层/ [索取号:K835.125.72/K236] | 在馆 |